000 00456nab a2200145Ia 4500
003 ES-SlBCS
005 20220203142250.0
008 140529s2013 xxu||||| |||| 00| 0 spa d
041 _aspa
100 1 _aÁlvarez de los Mozos, Patxi
_970697
245 0 0 _aCuidar la creación, defender al pobre
_c Patxi Álvarez De Los Mozos
650 0 4 _aTransformación
_9155981
773 0 _tSal Terrae
_gvol. 101/2, nº. 1175, 2013, págs. 119-132
_wRev410
942 _cAR
999 _c731019
_d731019